000 00513nam a2200169Ia 4500
003 IN-BaIIA
008 211028s9999 xx 000 0 eng d
040 _cIIA Library
080 _a(038)=948
_bKAN-6
100 _aKannada Sahitya Parishat
_933976
245 0 _aKannada Nighantu
_bvol. 6
_cKannada Sahitya Parishat
250 _a2nd ed.
260 _aBangalore
_bKannada Sahitya Parishat
_c2010
300 _aviii,6480p.
650 _aKannada- Dictionary
_933977
942 _cBK
999 _c17873
_d17873